| 000 | 003130000a22000970004500 | ||
|---|---|---|---|
| 100 | 1 | _aHoward, David M. | |
| 245 | 1 | 0 | _aA husband's promise : LAM president follows God's leading in love for his wife |
| 300 | _aVol. 77, Num. 4 (Octubre-Diciembre, 1997), Página 3 | ||
| 773 | 0 | _tLatin America Evangelist | |
| 942 | _cANA | ||
| 999 |
_c55099 _d55099 |
||